000 00706nam a2200265 a 4500
999 _c10055
_d10055
001 10055
003 BD - JhCC
005 20230205134024.0
008 180404r19981997enk 000 1 eng d
020 _a0006550681
035 _aBNB2479.338
_a(BD - JhCC)10055
035 _a(OCoLC)318941727
040 _aBDS
_dBD-JhCC
041 _aeng
050 1 0 _aPR9499.3.R59
_bG63 1998
082 0 _a823
_221
_bROY 1997
100 1 _aRoy, Arundhati.
245 1 4 _aThe god of small things /
_cArundhati Roy.
260 _aLondon :
_bFlamingo,
_c1998.
300 _a339 p. ;
_c20 cm.
500 _aOriginally published: 1997.
651 0 _aKerala (India)
_vFiction.
942 _2ddc
_cREF
_04